000 00935nam a2200253 a 4500
001 13914
003 BD-JhCC
005 20240515091024.0
008 210831b2024 bg |||| ||a| 000 0 ben d
020 _a9789849812982
035 _a(BD-JhCC)13914
040 _aBD-JhCC
_dBD-JhCC
041 _aBengali
082 _223
_a297.122
_bHAQ 2024
245 _aমানব মনস্তত্ত্বের কুরআনী ধারণা /
_cঅনুবাদক: ইমদাদুল হক , সম্পাদক: জাফর আফাক আনসারী
260 _aঢাকা:
_bবিআইআইটি পাবলিকেশন;
_c২০২৪.
300 _a116 p. :
_c22 cm.
650 _aDiscussion on the Qur'an
650 _aReligious--Aspects --Islam
700 _a হক,ইমদাদুল
700 _aআনসারী, জাফর আফাক
942 _2ddc
_cBK
_02
999 _c13914
_d13914